000
00313nam a22001337a 4500
020
_a
0-907563-65-1
082
_a
004
_b
HAR/S
100
_a
HARTNELL, TIM
245
_a
SPECTRUM + LOGO
260
_a
LONDON
_b
INTERFACE PUBLICATIONS
_c
1985
300
_a
64
650
_a
COMPUTER SCIENCE REFERENCE
_z
INDIA
942
_c
BK
999
_c
1658
_d
1658